Những tài liệu đã có trong ngành đào tạo nuôi trồng thủy sản

Đã lưu trong:
Bibliografiske detaljer
Hovedforfatter: Trần, Đạt Huy
Format: Bog
Sprog:English
Udgivet: Đồng Tháp Đại học Đồng Tháp 2009
Fag:
Tags: Tilføj Tag
Ingen Tags, Vær først til at tagge denne postø!
Thư viện lưu trữ: Trung tâm Học liệu Lê Vũ Hùng, Trường Đại học Đồng Tháp
LEADER 00864pam a22002298a 4500
001 00041871
008 170505s1996 ||||||engsd
005 20180808080838.0
041 0 # |a Vie 
082 0 4 |a 639.8  |b NH556T 
100 1 # |a Trần, Đạt Huy 
245 1 0 |a Những tài liệu đã có trong ngành đào tạo nuôi trồng thủy sản  |c Trần Đạt Huy 
260 # # |a Đồng Tháp  |b Đại học Đồng Tháp  |c 2009 
300 # # |a 20tr  |c 24 cm. 
500 # # |a ĐTTS ghi :Bộ giáo dục và đào tạo. trường Đại học Đồng Tháp 
653 # # |a Giáo dục 
653 # # |a Tài liệu nuôi trồng 
653 # # |a thủy sản 
653 # # |a Đại học Đồng Tháp 
852 # # |j KD.0024520 
910 |d 08/08/2018 
980 # # |a Trung tâm Học liệu Lê Vũ Hùng, Trường Đại học Đồng Tháp